Missionnaires italiens et enseignement en Égypte (1890-1970) : de la pastorale migratoire à la coopération /
محفوظ في:
المؤلف الرئيسي:
التنسيق: كتاب
اللغة: French
منشور في:
Cairo :
Institut français d'archéologie orientale,
2025.
سلاسل:
RAPH ;
49
الموضوعات:
الوسوم: إضافة وسم
لا توجد وسوم, كن أول من يضع وسما على هذه التسجيلة!
رقم الطلب: DT57 .C14 v.49
| LEADER | 00846nam a22002297a 4500 | ||
|---|---|---|---|
| 003 | OSt | ||
| 005 | 20260429130019.0 | ||
| 008 | 260427t2025||||ua ba |||||||||| ||fre|| | ||
| 020 | |a 9782724710816 | ||
| 050 | 1 | 4 | |a DT57 |b .C14 v.49 |
| 100 | 0 | |a Annalaura Turiano |d Author. | |
| 245 | 1 | 0 | |a Missionnaires italiens et enseignement en Égypte (1890-1970) : |b de la pastorale migratoire à la coopération / |c Annalaura Turiano. |
| 264 | 1 | |a Cairo : |b Institut français d'archéologie orientale, |c 2025. | |
| 300 | |a 468 pages : |b color illustrations, color maps ; |c 24 cm . | ||
| 490 | 0 | |a RAPH ; |v 49 | |
| 500 | |a Includes bibliographical references. | ||
| 650 | 4 | |a Missionaries -- Italy -- Biography. | |
| 650 | 4 | |a Missions, Italian -- Egypt. | |
| 650 | 4 | |a Missions, Italian. | |
| 650 | 4 | |a Salesians -- Missions -- Egypt. | |
| 942 | |2 lcc |c BK | ||
| 999 | |c 61895 |d 61895 | ||
